LEADER 00766nam a2200205 i 4500 001 000000165299 003 CaOOAMICUS 005 20221007113131.0 008 071015s1942 it u000 u ita u 040 $aSeMil$bita 100 1 $aCampanile, Achille,$d<1900-1977>.$0(OLS)http://semarc/name/22600 245 13$aIl diario di Gino Cornabò /$cAchille Campanile. 260 $aMilano ; Roma :$bRizzoli & C.,$c1942. 300 $a339 p. ;$c19 cm. 850 $aSeMil 852 $aSeMil$W1$xVenegono$y1$m1B III 235$j240528$B116493$CSeMilBibl$Z2$F127456 $81 961 $aRecupero: Altro 996 $6245$aIl diario di Gino Cornabò$9(OLS)http://semarc/title/235965 996 $6260$aMilano ; Roma :$bRizzoli & C.$9(OLS)http://semarc/publisher/30239 LEADER 01054nam a2200217 i 4500 001 000000166275 003 CaOOAMICUS 005 20230519110101.0 008 071108s1914 it u000 u ita u 040 $aSeMil$bita 100 1 $aRovetta, Gerolamo,$d<1851-1910>.$0(OLS)http://semarc/name/8398 245 10$aMadame Fanny : commedia in 3 atti ; Marco Spada : commedia in 4 atti ; La cameriera nova : commedia in 2 atti /$cGerolamo Rovetta. 264 1$aMilano :$bBaldini&Castoldi,$c1914. 300 $a229 p. ;$c19 cm. 773 0 $aRovetta, Gerolamo <1851-1910>$tOpere di Gerolamo Rovetta.$dMilano : Baldini&Castoldi, [19--?]$w()18706 850 $aSeMil 852 $aSeMil$W1$xVenegono$y1$m1C I 319$j240589$B117446$CSeMilBibl$Z2$F128128 $81 961 $aRecupero: Altro 996 $6245$aMadame Fanny : commedia in 3 atti ; Marco Spada : commedia in 4 atti ; La cameriera nova : commedia in 2 atti$9(OLS)http://semarc/title/237523 996 $6264$aMilano :$bBaldini&Castoldi$9(OLS)http://semarc/publisher/31951 LEADER 01647nas a2200277 i 4500 001 000000002268 003 CaOOAMICUS 005 20210507172924.0 008 180830c19269999fr qr p u0 0fre r 022 $a0014-2239 040 $aSeMil$bita 240 10$aEtudes Théologiques et Religieuses.$0(OLS)http://semarc/title/3795 245 00$aEtudes Théologiques et Religieuses /$cPubl. trim. de la Faculté de theol. protestante de Montpellier. 260 $aMontpellier :$b[s.n.],$c1926- 310 $aTrimestrale 362 0 $a1926- 510 4 $aCod. rivista ACNP:$cP 00053686 524 8 $aETR 710 2 $aFaculté de Theologie Protestante$g.$0(OLS)http://semarc/name/1930 850 $aSeMil 852 $aSeMil$W1$xVenegono$y1$pCliccare per visualizzare collocazione, posseduto cumulativo e fascicoli ricevuti dell?annata corrente

Cliccare per visualizzare eventuali spogli (alla eventuale voce ?Indici? in fondo di pagina)$B226993$CSeMilBibl$Z2$F226993 $85 961 $aPubblicazione in cambio con "La Scuola Cattolica" 996 $6022$a0014-2239$9(OLS)http://semarc/number/267 996 $6245$aEtudes Théologiques et Religieuses$9(OLS)http://semarc/title/3794 996 $6260$aMontpellier :$b[s.n.]$9(OLS)http://semarc/publisher/30642